Contemporary issues in accounting / (Record no. 2638)

MARC details
000 -LEADER
fixed length control field 00728nam a22002537a 4500
003 - CONTROL NUMBER IDENTIFIER
control field OSt
005 - DATE AND TIME OF LATEST TRANSACTION
control field 20260428104925.0
008 - FIXED-LENGTH DATA ELEMENTS--GENERAL INFORMATION
fixed length control field 231231s2023 at ||||| |||| 00| 0 eng d
020 ## - INTERNATIONAL STANDARD BOOK NUMBER
International Standard Book Number 9780730397823
040 ## - CATALOGING SOURCE
Original cataloging agency MILA
Language of cataloging eng
Transcribing agency MILA
050 ## - LIBRARY OF CONGRESS CALL NUMBER
Classification number HF5626
Item number .R36 2023
100 1# - MAIN ENTRY--PERSONAL NAME
Personal name Rankin, Michaela.
245 10 - TITLE STATEMENT
Title Contemporary issues in accounting /
Statement of responsibility, etc. Michaela Rankin ... [et al.].
250 ## - EDITION STATEMENT
Edition statement 3rd ed.
260 ## - PUBLICATION, DISTRIBUTION, ETC.
Place of publication, distribution, etc. Milton, Qld. :
Name of publisher, distributor, etc. John Wiley & Sons Australia,
Date of publication, distribution, etc. c2023.
300 ## - PHYSICAL DESCRIPTION
Extent 384 p. ;
Dimensions 28 cm.
650 #0 - SUBJECT ADDED ENTRY--TOPICAL TERM
Topical term or geographic name entry element Accounting.
650 #0 - SUBJECT ADDED ENTRY--TOPICAL TERM
Topical term or geographic name entry element Accounting
General subdivision Social aspects.
650 #0 - SUBJECT ADDED ENTRY--TOPICAL TERM
Topical term or geographic name entry element Accounting
General subdivision Standards.
700 1# - ADDED ENTRY--PERSONAL NAME
Personal name Stanton, Patricia.
700 1# - ADDED ENTRY--PERSONAL NAME
Personal name McGowan, Susan.
700 1# - ADDED ENTRY--PERSONAL NAME
Personal name Ferlauto, Kimberly.
942 ## - ADDED ENTRY ELEMENTS (KOHA)
Source of classification or shelving scheme Library of Congress Classification
Koha item type Book
Holdings
Withdrawn status Lost status Source of classification or shelving scheme Damaged status Not for loan Home library Current library Shelving location Date acquired Source of acquisition Cost, normal purchase price Total Checkouts Full call number Barcode Date last seen Cost, replacement price Price effective from Koha item type
    Library of Congress Classification     MILA University Central Library MILA University Central Library General Stacks 28/04/2026 Emo Book Services Sdn Bhd 400.10   HF5626 .R36 2023 0003601 28/04/2026 400.10 28/04/2026 Book
   
  Powered by CD Solutions Sdn Bhd